| 000 | 00806nam a2200217Ia 4500 | ||
|---|---|---|---|
| 003 | GCL | ||
| 008 | 140319s9999 xx 000 0 ara d | ||
| 040 |
_aGCL / _cGCL |
||
| 082 | 0 | 4 |
_aط _b813.02 _bر ح |
| 100 | 1 | _aرجاء عبدالله | |
| 245 | 1 | 0 |
_aحواديت اجيال: اللؤلؤة الوردية-القمر الفضائى-الخادم الالى-الوحش الجميل-المارد العجوز / _cرجاء عبدالله |
| 700 | 1 | _aماهر عبدالقادر محمد | |
| 250 | _aالاولى | ||
| 260 |
_aالقاهرة : _bنهضة مصر للطباعة والنشر والتوزيع |
||
| 300 |
_aمتعدد ؛ _c24 سم |
||
| 490 |
_aحواديت اجيال _v0 |
||
| 650 | 0 | 4 | _aالاطفال |
| 650 | 0 | 4 | _aالقصص |
| 650 | 0 | 4 | _aقصص الاطفال |
| 942 |
_2ddc _cBK |
||
| 999 |
_c42414 _d42414 |
||